Business communication : strategies and skill

Saved in:
Bibliographic Details
Main Author: Huseman, Richard C.
Format: Book
Language:Undetermined
Published: Chicago Dryden Press 1988
Subjects:
Tags: Add Tag
No Tags, Be the first to tag this record!
Institutions: Trung tâm Học liệu Trường Đại học Cần Thơ
LEADER 00607nam a2200205Ia 4500
001 CTU_162197
008 210402s9999 xx 000 0 und d
020 |c 28.13 
082 |a 658.45 
082 |b H918/3rd 
100 |a Huseman, Richard C. 
245 0 |a Business communication : 
245 0 |b strategies and skill 
245 0 |c Richard C. Huseman, James M. Lahiff, John M. Penrose 
260 |a Chicago 
260 |b Dryden Press 
260 |c 1988 
650 |a Business communication,Giao tiếp trong kinh doanh 
910 |a Nguyên 
980 |a Trung tâm Học liệu Trường Đại học Cần Thơ